ASIAN ACADEMY OF MANAGEMENT OF ACCOUNTING AND FINANCE / (Record no. 169341)
[ view plain ]
| 000 -LEADER | |
|---|---|
| fixed length control field | 01321nas a22003977a 4500 |
| 005 - DATE AND TIME OF LATEST TRANSACTION | |
| control field | 20220801114201.0 |
| 007 - PHYSICAL DESCRIPTION FIXED FIELD--GENERAL INFORMATION | |
| fixed length control field | ta |
| 008 - FIXED-LENGTH DATA ELEMENTS--GENERAL INFORMATION | |
| fixed length control field | 180820b my f||p| |||| 00| 0 eng d |
| 020 ## - INTERNATIONAL STANDARD BOOK NUMBER | |
| Qualifying information | 9771823499005 |
| 022 ## - INTERNATIONAL STANDARD SERIAL NUMBER | |
| International Standard Serial Number | 1823-4992 |
| International Standard Serial Number | 2180-4192 |
| 040 ## - CATALOGING SOURCE | |
| Original cataloging agency | PPAK |
| Language of cataloging | eng |
| Transcribing agency | PPAK |
| Description conventions | rda |
| 082 04 - DEWEY DECIMAL CLASSIFICATION NUMBER | |
| Classification number | 657.05 |
| Edition number | 23 |
| 090 00 - LOCALLY ASSIGNED LC-TYPE CALL NUMBER (OCLC); LOCAL CALL NUMBER (RLIN) | |
| Classification number (OCLC) (R) ; Classification number, CALL (RLIN) (NR) | 657.05 |
| Local cutter number (OCLC) ; Book number/undivided call number, CALL (RLIN) | ASI |
| Feature heading | R |
| 222 00 - KEY TITLE | |
| Key title | Asian academy of management of accounting and finance |
| 245 00 - TITLE STATEMENT | |
| Title | ASIAN ACADEMY OF MANAGEMENT OF ACCOUNTING AND FINANCE / |
| Statement of responsibility, etc. | Editors : Effiezal Aswadi ABDUL WAHAB, Chee Wooi HOOY, Lian Kee PHUA |
| 250 ## - EDITION STATEMENT | |
| Edition statement | Vol. 13 No 2, 2017 |
| 264 #1 - PRODUCTION, PUBLICATION, DISTRIBUTION, MANUFACTURE, AND COPYRIGHT NOTICE | |
| Place of production, publication, distribution, manufacture | Pulau Pinang : |
| Name of producer, publisher, distributor, manufacturer | Penerbit Universiti Sains Malaysia : |
| Date of production, publication, distribution, manufacture, or copyright notice | 2017 |
| 300 ## - PHYSICAL DESCRIPTION | |
| Extent | volume |
| Dimensions | 24 cm |
| 310 ## - CURRENT PUBLICATION FREQUENCY | |
| Current publication frequency | Semiannual |
| 336 ## - CONTENT TYPE | |
| Source | rdacontent |
| Content type term | text |
| 337 ## - MEDIA TYPE | |
| Source | rdamedia |
| Media type term | unmediated |
| 338 ## - CARRIER TYPE | |
| Source | rdacarrier |
| Carrier type term | volume |
| 362 ## - DATES OF PUBLICATION AND/OR SEQUENTIAL DESIGNATION | |
| Dates of publication and/or sequential designation | Volume 6 No.2 |
| 500 ## - GENERAL NOTE | |
| General note | Description based on : Vol. 3, No. 2, (2017) pages iii, 154 |
| 650 10 - SUBJECT ADDED ENTRY--TOPICAL TERM | |
| Topical term or geographic name entry element | Accounting |
| Form subdivision | Periodicals |
| Topical term or geographic name entry element | Finance |
| Form subdivision | Periodicals |
| 700 0# - ADDED ENTRY--PERSONAL NAME | |
| Personal name | Effiezal Aswadi Abdul Wahab, |
| Relator term | editor. |
| Personal name | Chee, Wooi Hooy, |
| Relator term | editor. |
| Personal name | Lian Kee Phua, |
| Relator term | editor. |
| 710 2# - ADDED ENTRY--CORPORATE NAME | |
| Corporate name or jurisdiction name as entry element | Universiti Sains Malaysia |
| 850 ## - HOLDING INSTITUTION | |
| Holding institution | PPAK, Vol. 6 No. 2 2010 |
| Holding institution | PPAK, Vol. 13 No. 2 2017 |
| Holding institution | PPAK, Vol. 14 No. 2 2018 |
| 942 ## - ADDED ENTRY ELEMENTS (KOHA) | |
| Source of classification or shelving scheme | Dewey Decimal Classification |
| Koha item type | Journal |
| Withdrawn status | Lost status | Source of classification or shelving scheme | Damaged status | Not for loan | Home library | Current library | Shelving location | Date acquired | Source of acquisition | Cost, normal purchase price | Inventory number | Full call number | Barcode | Date last seen | Cost, replacement price | Price effective from | Koha item type | Collection code | Serial Enumeration / chronology | Copy number |
|---|---|---|---|---|---|---|---|---|---|---|---|---|---|---|---|---|---|---|---|---|
| Dewey Decimal Classification | Not For Loan | Perpustakaan Alor Setar | Perpustakaan Alor Setar | R | 05/09/2018 | Gagasan Ilmiah Sdn. Bhd. | 54.00 | 2018 | R 657.05 ASI | A01576503 | 05/09/2018 | 54.00 | 05/09/2018 | Journal | ||||||
| Dewey Decimal Classification | Not For Loan | Perpustakaan Alor Setar | Perpustakaan Alor Setar | R | 06/09/2022 | Penerbit Universiti Sains Malaysia | 0.00 | R 657.05 ASI | A00744498 | 06/09/2022 | 10.00 | 06/09/2022 | Journal | RFID | Vol. 6 No. 2, 2010 | H047498 | ||||
| Dewey Decimal Classification | Not For Loan | Perpustakaan Alor Setar | Perpustakaan Alor Setar | R | 06/09/2022 | 0.00 | R 657.05 ASI | A00744499 | 06/09/2022 | 10.00 | 06/09/2022 | Journal | RFID | Vol. 14 No. 2 2018 | H047499 |